| 000 | 00817nam a2200265Ia 4500 | ||
|---|---|---|---|
| 003 | GCL | ||
| 008 | 140319s9999 xx 000 0 ara d | ||
| 040 |
_aGCL / _cGCL |
||
| 082 | 0 | 4 |
_a956.903 _bه د |
| 100 | 1 | _aعادل حسن غنيم | |
| 245 | 1 | 0 |
_aالدولة اليهودية / _cعادل حسن غنيم |
| 700 | 1 | _aهرتزل, ثيودور | |
| 700 | 1 | _aمحمد يوسف عدس (ترجمة) | |
| 260 |
_a[S.N] : _bدار الزهراء للنشر والتوزيع ، _c1994 |
||
| 300 | _a139 | ||
| 490 | _a | ||
| 650 | 0 | 4 | _aاليهودية |
| 650 | 0 | 4 | _aاسرائيل |
| 650 | 0 | 4 | _aالصهيونيون |
| 650 | 0 | 4 | _aالصهيونية |
| 650 | 0 | 4 | _aاليهودية والدولة |
| 650 | 0 | 4 | _aالصهيونية واليهودية |
| 650 | 0 | 4 | _aبنو اسرائيل |
| 942 |
_2ddc _cBK |
||
| 999 |
_c38511 _d38511 |
||